Game of Thrones - Qui est mort de cette manière ? - Statistiques

Statistiques générales
  • Ce quiz a été pris 308 fois
  • Le résultat moyen est 9 sur 15
Statistiques - réponses
Hint Réponse % Correct
décapité sur la place publique ned stark
94%
poignardé par le Night King en protégeant un stark theon greyjoy
79%
tué aux chiottes tywin lannister
77%
empoisonné le jour de son mariage joffrey baratheon
73%
c'est sacrifié en tenant la porte hodor
72%
tué sur le champ de bataille en protégeant sa reine ser jorah
71%
son crâne a été explosé lors d'un duel judiciare oberyn martell
69%
brûlé vif par un dragon suite à sa trahison varys
68%
tué par l'ombre de son frère renly baratheon
60%
s'est suicidé à la mort de cette dernière tommen baratheon
58%
étouffé par sa femme pour abréger ses souffrances khal drogo
54%
jetée dans le vide lysa arryn
46%
a explosé lors de son procès (F) margaery tyrell
46%
égorgée au mariage de son frère catelyn stark
33%
décapitée sur la place publique missandei
32%
Aucun quiz correspondant
Distribution des résultats
% des personnes avec chaque résultat
Percentile par nombre de réponses
Votre historique - résultats
Vous n’avez pas pris ce quiz